00417nam a2200145Ia 4500008004100000041000900041082001500050100002200065245002400087260003400111300000900145650000800154999001700162952009200179230718s9999 xx 000 0 und d aEng. a340bKHO-Y aKhokhar, Muhammad 0aYearly Law Reporter aPakistanbSupreme Courtc2016 a1015 aLaw c31303d31303 00104070aSIRC-LbSIRC-Ld2023-07-18l0o340 KHO-Yp26254r2023-07-18w2023-07-18yBK